Normal view
MARC view
- Thyroid gland
Entry Topical Term
001 - CONTROL NUMBER
- control field: 5275
003 - CONTROL NUMBER IDENTIFIER
- control field: OSt
005 - DATE AND TIME OF LATEST TRANSACTION
- control field: 20170517105357.0
008 - FIXED-LENGTH DATA ELEMENTS
- fixed length control field: 170517|| aca||aabn | a|a d
040 ## - CATALOGING SOURCE
- Original cataloging agency: OSt
- Transcribing agency: OSt
150 ## - HEADING--TOPICAL TERM
- Topical term or geographic name entry element: Thyroid gland
- Form subdivision: Popular works.
- General subdivision: Diseases.
670 ## - SOURCE DATA FOUND
- Source citation: Work cat.: (OSt): Toft, Anthony D. 5274, The British Medical Association family doctor guide to thyroid disorders /, 1999.

PORTAL AKMAL
E-MEL JKDM
AKMAL2U
G-BAM
u-PUSTAKA